|
|
|
|
| LEADER |
00784nab a2200229 i 4500 |
| 001 |
acta12358 |
| 005 |
20220609155535.0 |
| 008 |
161015s1983 hu o 0|| eng d |
| 022 |
|
|
|a 0324-721X
|
| 040 |
|
|
|a SZTE Egyetemi Kiadványok Repozitórium
|b hun
|
| 041 |
|
|
|a eng
|
| 100 |
1 |
|
|a Ésik Zoltán
|
| 245 |
1 |
0 |
|a General products and equational classes of automata
|h [elektronikus dokumentum] /
|c Ésik Zoltán
|
| 260 |
|
|
|c 1983
|
| 300 |
|
|
|a 281-284
|
| 490 |
0 |
|
|a Acta cybernetica
|v 6 No. 3
|
| 650 |
|
4 |
|a Természettudományok
|
| 650 |
|
4 |
|a Matematika
|
| 650 |
|
4 |
|a Számítás- és információtudomány
|
| 695 |
|
|
|a Számítástechnika, Kibernetika
|
| 700 |
0 |
1 |
|a Gécseg Ferenc
|e aut
|
| 856 |
4 |
0 |
|u http://acta.bibl.u-szeged.hu/12358/1/cybernetica_006_numb_003_281-284.pdf
|z Dokumentum-elérés
|